000 01717cam a2200217 4500
001 ABS67014
008 030813n2003 000 0 eng u
035 _a(Sirsi) u123268
245 _aR v Buckinghamshire CC and another ex p Laing Homes Ltd
260 _c2003
490 _aJournal of Planning and Environment Law
_v[2004 JPL 319-353(35)
520 _a[2003] EWHC 1578, 8 July 2003. Application by claimant (L) for a judicial review of decision by defendant council (B) to register land as a village green under the Commons Registration Act 1965 s22. Land was owned by L. B's decision was based upon an inspector's report that the local inhabitant had enjoyed recreational use of the land as of right for at least 20 years. The inspector had concluded that the use of the land by a licensee of L for an annual cutting of hay for more than one-half of the 20-year period and for low-level grazing was not incompatible with the establishment of village green rights. L argued that the registration would make the land subject to the Inclosure Act 1857 s12 and the Commons Act 1876 s29 which would impose severe restrictions upon the use of its land. HC held that village green rights could not be established where land used to cultivate and harvest a hay crop. Claim allowed. Decision quashed. View judgment at www.bailii.org.
590 _aABS
650 _aR V BUCKINGHAMSHIRE CC AND ANOTHER EX P LAING HOMES LTD
650 _aVILLAGE GREENS
650 _aCOMMONS REGISTRATION ACT 1965 S22
650 _aPUBLIC RIGHTS OF WAY
690 _aPROPERTY AND LAND LAW-CASE LAW
856 _uhttps://www.bailii.org/ew/cases/EWHC/Admin/2003/1578.html
_View the judgment on the Bailii website...
942 _n0
999 _c73218
_d73218